000 00790nam a22002417a 4500
001 20466
003 UA-OsUOA
005 20210915214907.0
007 ta
008 20031029b un ||||| |||| 00| 0 ukr d
040 _aUA-OsUOA
_brus
_cUA-OsUOA
_dUA-OsUOA
041 _arus
044 _aRU
080 _a910.4(091)(47+57)
090 _a910.4(091)(47+57)
_bБ91
100 _aБублейников Ф.
245 _aИстория открытий ископаемых богатств нашей страны
_cред. Д. И. Щербаков
260 _aМосква
_bГосударственное издательство географической литературы
_c1948
300 _a343 с.
_bІлюстрації
650 7 _2UDC
942 _cBK
_2udc
955 _a0
999 _c306644
_d306644